| 000 | 00431nam a2200109Ia 4500 | ||
|---|---|---|---|
| 008 | 160909s9999 xx 000 0 und d | ||
| 100 | _aLopez, Dixelia | ||
| 245 | _aResilience in the Karen-Refugee Population from Myanmar/Burma Resettled in the U.S.: An Exploratory Study | ||
| 260 |
_bThe Chicago School of Professional Psychology _c2016 |
||
| 650 | _aPSYCHOLOGY | ||
| 856 | _uhttp://pqdtopen.proquest.com/doc/1762246704.html?FMT=ABS | ||
| 999 |
_c304055 _d304055 |
||